Advances in atomic, molecular and optical physics / (Record no. 52886)

MARC details
000 -LEADER
fixed length control field 00577nam a2200217Ia 4500
005 - DATE AND TIME OF LATEST TRANSACTION
control field 20260429112214.0
008 - FIXED-LENGTH DATA ELEMENTS--GENERAL INFORMATION
fixed length control field 260429s9999||||xx |||||||||||||| ||und||
020 ## - INTERNATIONAL STANDARD BOOK NUMBER
International Standard Book Number 9789392862823
041 ## - LANGUAGE CODE
Language English
082 ## - DEWEY DECIMAL CLASSIFICATION NUMBER
Classification number 539
Item number KUM
100 ## - MAIN ENTRY--PERSONAL NAME
Personal name Kumar, Aman
245 #0 - TITLE STATEMENT
Title Advances in atomic, molecular and optical physics /
Statement of responsibility, etc Aman Kumar
250 ## - EDITION STATEMENT
Edition statement 1st ed.
260 ## - PUBLICATION, DISTRIBUTION, ETC. (IMPRINT)
Place of publication, distribution, etc New Delhi :
Name of publisher, distributor, etc SSDN Publishers,
Date of publication, distribution, etc 2024.
300 ## - PHYSICAL DESCRIPTION
Extent ix, 203 p.; hb
650 ## - SUBJECT ADDED ENTRY--TOPICAL TERM
Topical term or geographic name as entry element Atomic physics
650 ## - SUBJECT ADDED ENTRY--TOPICAL TERM
Topical term or geographic name as entry element Molecular physics
650 ## - SUBJECT ADDED ENTRY--TOPICAL TERM
Topical term or geographic name as entry element Optical physics
650 ## - SUBJECT ADDED ENTRY--TOPICAL TERM
Topical term or geographic name as entry element Physics
942 ## - ADDED ENTRY ELEMENTS (KOHA)
Koha item type Text Books
Holdings
Withdrawn status Lost status Damaged status Not for loan Collection code Home library Location Shelving location Date of Cataloging Source of acquisition Total Checkouts Full call number Barcode Date last seen Price effective from Koha item type
        Non-fiction CUTN Central Library CUTN Central Library Sciences 29/04/2026 Sri Mariyamman Stores, Virudhunagar - Invoice No. SMS-CCR/2025-26/348 on 11-02-2026   539 KUM 58024 29/04/2026 29/04/2026 Text Books